<?xml version="1.0" encoding="UTF-8"?>
<collection xmlns="http://www.loc.gov/MARC21/slim">
 <record>
  <leader>01808nam a2200301 a 4500</leader>
  <controlfield tag="001">1/43167</controlfield>
  <controlfield tag="008">130125s2010    gr       b    000 0 gre  </controlfield>
  <datafield tag="020" ind1=" " ind2=" ">
   <subfield code="a">9789603518266</subfield>
  </datafield>
  <datafield tag="035" ind1=" " ind2=" ">
   <subfield code="l">46053</subfield>
  </datafield>
  <datafield tag="040" ind1=" " ind2=" ">
   <subfield code="a">GR-PeUP</subfield>
  </datafield>
  <datafield tag="082" ind1="0" ind2="0">
   <subfield code="a">337.142 ΚΟΡ</subfield>
  </datafield>
  <datafield tag="100" ind1="1" ind2=" ">
   <subfield code="a">Κορρές, Γεώργιος Μ.</subfield>
  </datafield>
  <datafield tag="245" ind1="1" ind2="0">
   <subfield code="a">Οικονομική της Ευρωπαικής ολοκλήρωσης /</subfield>
   <subfield code="c">Γεώργιος Μ. Κορρές, Άγγελος Κότιος, Παναγιώτης Γ. Λιαργκόβας.</subfield>
  </datafield>
  <datafield tag="260" ind1=" " ind2=" ">
   <subfield code="a">Αθήνα :</subfield>
   <subfield code="b">Σταμούλης,</subfield>
   <subfield code="c">2010.</subfield>
  </datafield>
  <datafield tag="300" ind1=" " ind2=" ">
   <subfield code="a">276 σ. :</subfield>
   <subfield code="b">πίν., φιγ. ;</subfield>
   <subfield code="c">24 εκ.</subfield>
  </datafield>
  <datafield tag="504" ind1=" " ind2=" ">
   <subfield code="a">Περιέχει βιβλιογραφία.</subfield>
  </datafield>
  <datafield tag="610" ind1="2" ind2="0">
   <subfield code="a">Ευρωπαϊκή Ενωση</subfield>
   <subfield code="x">Οικονομική ενοποίηση.</subfield>
  </datafield>
  <datafield tag="651" ind1=" " ind2="4">
   <subfield code="a">Ευρωπαϊκή Ένωση, Χώρες της</subfield>
   <subfield code="x">Οικονομικές συνθήκες.</subfield>
  </datafield>
  <datafield tag="610" ind1="2" ind2="0">
   <subfield code="a">Ευρωπαική Ένωση, Χώρες της</subfield>
   <subfield code="x">Οικονομική πολιτική.</subfield>
  </datafield>
  <datafield tag="700" ind1="1" ind2=" ">
   <subfield code="a">Κότιος, Άγγελος Χ.,</subfield>
   <subfield code="d">1957-</subfield>
  </datafield>
  <datafield tag="700" ind1="1" ind2=" ">
   <subfield code="a">Λιαργκόβας, Παναγιώτης Γ.,</subfield>
   <subfield code="d">1963-</subfield>
  </datafield>
  <datafield tag="852" ind1=" " ind2=" ">
   <subfield code="a">INST</subfield>
   <subfield code="b">UNIPILB</subfield>
   <subfield code="c">EUDOXOS</subfield>
   <subfield code="e">20130424</subfield>
   <subfield code="h">337.142 ΚΟΡ</subfield>
   <subfield code="p">00167421</subfield>
   <subfield code="q">00167421</subfield>
   <subfield code="t">EUDOX</subfield>
   <subfield code="y">0</subfield>
   <subfield code="4">2</subfield>
  </datafield>
  <datafield tag="852" ind1=" " ind2=" ">
   <subfield code="a">INST</subfield>
   <subfield code="b">UNIPILB</subfield>
   <subfield code="c">EUDOXOS</subfield>
   <subfield code="e">20130424</subfield>
   <subfield code="h">337.142 ΚΟΡ</subfield>
   <subfield code="p">00167422</subfield>
   <subfield code="q">00167422</subfield>
   <subfield code="t">EUDOX</subfield>
   <subfield code="y">0</subfield>
   <subfield code="4">3</subfield>
  </datafield>
  <datafield tag="852" ind1=" " ind2=" ">
   <subfield code="a">INST</subfield>
   <subfield code="b">UNIPILB</subfield>
   <subfield code="c">EUDOXOS</subfield>
   <subfield code="e">20130424</subfield>
   <subfield code="h">337.142 ΚΟΡ</subfield>
   <subfield code="p">00167423</subfield>
   <subfield code="q">00167423</subfield>
   <subfield code="t">EUDOX</subfield>
   <subfield code="y">0</subfield>
   <subfield code="4">4</subfield>
  </datafield>
  <datafield tag="852" ind1=" " ind2=" ">
   <subfield code="a">INST</subfield>
   <subfield code="b">UNIPILB</subfield>
   <subfield code="c">EUDOXOS</subfield>
   <subfield code="e">20130424</subfield>
   <subfield code="h">337.142 ΚΟΡ</subfield>
   <subfield code="p">00167424</subfield>
   <subfield code="q">00167424</subfield>
   <subfield code="t">EUDOX</subfield>
   <subfield code="y">0</subfield>
   <subfield code="4">5</subfield>
  </datafield>
  <datafield tag="852" ind1=" " ind2=" ">
   <subfield code="a">INST</subfield>
   <subfield code="b">UNIPILB</subfield>
   <subfield code="c">EUDOXOS</subfield>
   <subfield code="e">20130424</subfield>
   <subfield code="h">337.142 ΚΟΡ</subfield>
   <subfield code="p">00167425</subfield>
   <subfield code="q">00167425</subfield>
   <subfield code="t">EUDOX</subfield>
   <subfield code="y">23</subfield>
   <subfield code="4">6</subfield>
  </datafield>
  <datafield tag="852" ind1=" " ind2=" ">
   <subfield code="a">INST</subfield>
   <subfield code="b">UNIPILB</subfield>
   <subfield code="c">MAIN</subfield>
   <subfield code="e">20130125</subfield>
   <subfield code="h">337.142 ΚΟΡ</subfield>
   <subfield code="p">00165059</subfield>
   <subfield code="q">00165059</subfield>
   <subfield code="t">LOAN</subfield>
   <subfield code="y">0</subfield>
   <subfield code="4">1</subfield>
  </datafield>
  <datafield tag="852" ind1=" " ind2=" ">
   <subfield code="a">INST</subfield>
   <subfield code="b">UNIPILB</subfield>
   <subfield code="c">MAIN</subfield>
   <subfield code="e">20140904</subfield>
   <subfield code="h">337.142 ΚΟΡ</subfield>
   <subfield code="p">00171883</subfield>
   <subfield code="q">00171883</subfield>
   <subfield code="t">LOAN</subfield>
   <subfield code="y">0</subfield>
   <subfield code="4">7</subfield>
  </datafield>
 </record>
</collection>
